| 000 -LEADER |
| fixed length control field |
01133cam a2200193 a 4500 |
| 020 ## - INTERNATIONAL STANDARD BOOK NUMBER |
| ISBN |
9789251070260 |
| 020 ## - INTERNATIONAL STANDARD BOOK NUMBER |
| ISBN |
9251070261 |
| 040 ## - CATALOGING SOURCE |
| Transcribing agency |
DKU |
| 082 04 - DEWEY DECIMAL CLASSIFICATION NUMBER |
| Classification number |
338 FOO 2013 A069 Co. |
| 245 00 - TITLE STATEMENT |
| Title |
2000 world census of agriculture : |
| Remainder of title |
analysis and international comparison of the results (1996-2005). |
| 260 ## - PUBLICATION, DISTRIBUTION, ETC. (IMPRINT) |
| Place of publication |
Rome : |
| Name of publisher |
Food and Agriculture Organization of the United Nations, |
| Year of publication |
2013. |
| 300 ## - PHYSICAL DESCRIPTION |
| Number of Pages |
viii, 152 pages : |
| Other physical details |
color illustrations, maps ; |
| Dimensions |
30 cm. |
| 490 1# - SERIES STATEMENT |
| Series statement |
FAO statistical development series, |
| 520 ## - SUMMARY, ETC. |
| Summary, etc |
"The Programme for the 2000 World Census of Agriculture was the sixth prepared by FAO for encouraging countries to undertake an agricultural census with standardized international concepts, definitions and methodologies. The programme covered the censuses carried out during the decade (1996-2005). About 122 countries carried out an agriculture census during the decade and 114 countries made available their census reports to FAO."--Publisher's description. |
| 650 #0 - SUBJECT ADDED ENTRY--TOPICAL TERM |
| Topical Term |
Agriculture |
| 650 #0 - SUBJECT ADDED ENTRY--TOPICAL TERM |
| Topical Term |
Agricultural surveys. |
| 710 2# - ADDED ENTRY--CORPORATE NAME |
| Corporate name or jurisdiction name as entry element |
Food and Agriculture Organization of the United Nations, |
| 942 ## - ADDED ENTRY ELEMENTS (KOHA) |
| Koha item type |
សៀវភៅភាសាអង់គ្លេស |
| 952 ## - LOCATION AND ITEM INFORMATION (KOHA) |
| Withdrawn status [LOCAL, KOHA] |
0 |